India : (Record no. 130665)

MARC details
000 -LEADER
fixed length control field 00739nam a22002417a 4500
005 - DATE AND TIME OF LATEST TRANSACTION
control field 20170124110115.0
010 ## - LIBRARY OF CONGRESS CONTROL NUMBER
LC control number B-041089
020 ## - INTERNATIONAL STANDARD BOOK NUMBER
Terms of availability 150.00
International Standard Book Number 8187506000
035 ## - SYSTEM CONTROL NUMBER
System control number B-041089
037 ## - SOURCE OF ACQUISITION
Source of stock number/acquisition Cen Lib/ Ret
040 ## - CATALOGING SOURCE
Original cataloging agency DPL
Language of cataloging EN
082 ## - DEWEY DECIMAL CLASSIFICATION NUMBER
Classification number 915.4
Item number SID
100 ## - MAIN ENTRY--PERSONAL NAME
Personal name Siddhartha, K.
9 (RLIN) 21381
245 ## - TITLE STATEMENT
Title India :
Statement of responsibility, etc by K. Siddhartha
Remainder of title the physical aspects /
250 ## - EDITION STATEMENT
Edition statement 3rd ed.
260 ## - PUBLICATION, DISTRIBUTION, ETC. (IMPRINT)
Place of publication, distribution, etc New Delhi
Name of publisher, distributor, etc Kisalaya Publication
Date of publication, distribution, etc 2001
270 ## - ADDRESS
City New Delhi
Address C-2, Pdma Apartments, New Manglapuri, Mahrauli
Postal code 110030
300 ## - PHYSICAL DESCRIPTION
Extent 288p. :
Dimensions 24cm(Hb)
Other physical details ill.
500 ## - GENERAL NOTE
General note Includes bibliographical references<br/>
650 ## - SUBJECT ADDED ENTRY--TOPICAL TERM
Topical term or geographic name as entry element Travel -- India
9 (RLIN) 104418
650 ## - SUBJECT ADDED ENTRY--TOPICAL TERM
Topical term or geographic name as entry element Geography
9 (RLIN) 104419
942 ## - ADDED ENTRY ELEMENTS (KOHA)
Source of classification or shelving scheme Dewey Decimal Classification
Koha item type English Books
Classification part 915.4
Call number suffix SID
Holdings
Withdrawn status Lost status Damaged status Not for loan Home library Current library Date acquired Source of acquisition Cost, normal purchase price Total Checkouts Full call number Barcode Date last seen Copy number Cost, replacement price Price effective from Koha item type
        Central Library Central Library 10/07/2015 Cen Lib/Ret 150.00   915.4 SID B-041089 10/07/2015 1 150.00 10/07/2015 English Books

© Delhi Public Library
Hit Counter
free hit counter